000
00245nam a2200109Ia 4500
008
200302s9999 xx 000 0 und d
100
_a
Heather Mills
245
_a
Fences & Gates
260
_b
Sunset Books Inc.
260
_c
1996
300
_a
96 P.,
999
_c
1478
_d
1478